[Event "Open"]
[Site "Pula CRO"]
[Date "2007.06.25"]
[Round "3"]
[White "Kuljasevic,D"]
[Black "Aschenbrenner,R"]
[Result "1/2-1/2"]
[WhiteElo "2447"]
[BlackElo "2302"]

1.d4 Nf6 2.c4 g6 3.Nf3 Bg7 4.g3 O-O 5.Bg2 d6 6.Nc3 Nbd7 7.O-O e5 8.e4 a6
9.h3 b5 10.Qc2 c6 11.Rd1 Qe7 12.c5 dxc5 13.dxe5 Ne8 14.Bg5 Qe6 15.Be3 Qe7
16.Bg5 Qe6 17.Be3 Qe7 18.a4 Nc7 19.Qd2 b4 20.Ne2 Nxe5 21.Nxe5 Bxe5 22.f4 Bg7
23.Qc2 Ne6 24.e5 Bb7 25.f5 gxf5 26.Qxf5 Rfd8 27.Rxd8+ Qxd8 28.Be4 Nf8 29.Bxc5 Qd7
30.Qh5 Ng6 31.Nf4 Bxe5 32.Rd1 Qc7 33.Qf5 Rd8 34.Rf1 Bc8 35.Qg5 Bd6 36.Nh5 Bxc5+
37.Qxc5 Qe5  1/2-1/2

[Event "Open"]
[Site "Pula CRO"]
[Date "2007.06.26"]
[Round "5"]
[White "Kuljasevic,D"]
[Black "Bajramovic,H"]
[Result "1-0"]
[WhiteElo "2447"]
[BlackElo "2260"]

1.d4 Nf6 2.Nf3 g6 3.c4 Bg7 4.g3 O-O 5.Bg2 d6 6.Nc3 c6 7.O-O Qc7 8.e4 Nbd7
9.h3 b6 10.Re1 e5 11.Be3 Bb7 12.Rc1 Rfe8 13.d5 c5 14.a3 Rf8 15.Nh4 Qd8 16.Bg5 h6
17.Be3 Kh7 18.b4 Ne8 19.Rb1 Qe7 20.Qc2 Nc7 21.Red1 Qd8 22.Qd2 Bc8 23.Qc2 Nf6
24.bxc5 dxc5 25.a4 Bd7 26.a5 Rb8 27.axb6 axb6 28.Rb3 Na6 29.f4 Nh5 30.Qf2 Nb4
31.f5 Bf6 32.Nf3 gxf5 33.exf5 Rg8 34.Ne4 Ba4 35.Rxb4 Bxd1 36.Rb1 Ba4 37.Ra1 Ra8
38.Nh2 Bg7 39.Ng4 f6 40.Qd2 Bb3 41.Rxa8 Qxa8 42.Bxh6 Qf8 43.Bxg7 Qxg7 44.Qe2 Qf7
45.Qe3 Rxg4 46.hxg4 Bxc4 47.gxh5 Ba2 48.g4 Kg7 49.h6+ Kf8 50.h7 Qxh7 51.Nxf6 Qh4
52.Qxe5 c4 53.Qe8+  1-0

[Event "White Nights"]
[Site "St Petersburg RUS"]
[Date "2007.06.28"]
[Round "4"]
[White "Serov,M"]
[Black "Yevseev,D"]
[Result "0-1"]
[WhiteElo "2265"]
[BlackElo "2525"]

1.d4 Nf6 2.Nf3 g6 3.c4 Bg7 4.g3 O-O 5.Bg2 d6 6.O-O c5 7.dxc5 dxc5 8.Qxd8 Rxd8
9.Ne5 Nfd7 10.Nd3 Nc6 11.Bxc6 bxc6 12.Nd2 Nb6 13.Ne4 Nxc4 14.Nexc5 Bf5 15.Rb1 Bd4
16.e4 Bh3 17.Re1 Bxc5 18.Nxc5 Ne5 19.Be3 Nf3+ 20.Kh1 Nxe1 21.Rxe1 Bg4 22.Kg2 Rd1
23.Rxd1 Bxd1 24.f3 f6 25.Kf2 Kf7 26.b3 g5 27.g4 h5 28.gxh5 Rh8 29.Nd3 Rxh5
30.Kg3 a5 31.Bb6 Bc2 32.Nc5 e6 33.e5 f5 34.Bxa5 f4+ 35.Kg2 g4 36.Bb6 Rxe5
37.fxg4 Re3 38.Nd7 Be4+ 39.Kf1 Rc3 40.Nc5 Bd5 41.a4 Bxb3 42.a5 Bc4+ 43.Kf2 Ra3
44.Bc7 Bd5 45.a6 Ra2+ 46.Ke1 f3 47.Bg3 Bc4 48.Nd7 Re2+ 49.Kd1  0-1

[Event "White Nights"]
[Site "St Petersburg RUS"]
[Date "2007.06.28"]
[Round "4"]
[White "Fedoseev,S"]
[Black "Kazakevich,G"]
[Result "1-0"]
[WhiteElo "2260"]
[BlackElo "2141"]

1.d4 Nf6 2.Nf3 d6 3.c4 g6 4.g3 Bg7 5.Bg2 O-O 6.O-O c6 7.Nc3 Nbd7 8.e4 e5
9.h3 Re8 10.Re1 Nh5 11.Be3 exd4 12.Nxd4 Ne5 13.b3 a6 14.Kh2 c5 15.Nde2 Nf6
16.Qd2 Be6 17.f4 Nc6 18.Rad1 Bf8 19.Nd5 Bxd5 20.cxd5 Na7 21.Nc3 Nb5 22.Nxb5 axb5
23.Bf2 Nd7 24.Re2 f6 25.h4 Bg7 26.Bh3 Nf8 27.g4 g5 28.Bg3 h6 29.h5 Nh7 30.f5 Nf8
31.Qd3 Qd7 32.Rf1 Kh8 33.Bg2 b4 34.Rc2 b6 35.Re1 Ra7 36.Rf1 Ra5 37.Rff2 Rd8
38.Rcd2 Qf7 39.e5 fxe5 40.f6 Bxf6 41.Rd1 Nd7  1-0

[Event "REDA"]
[Site "Brno CZE"]
[Date "2007.06.30"]
[Round "2"]
[White "Kashlinskaya,A"]
[Black "Skinke,K"]
[Result "1-0"]
[WhiteElo "2229"]
[BlackElo "2175"]

1.d4 Nf6 2.c4 g6 3.Nf3 Bg7 4.g3 O-O 5.Bg2 d6 6.Nc3 Nc6 7.O-O e5 8.d5 Ne7
9.e4 Nd7 10.Ne1 f5 11.Nd3 Nf6 12.Bg5 h6 13.Bxf6 Rxf6 14.f4 exf4 15.Nxf4 fxe4
16.Nxe4 Rf8 17.Qd2 Bf5 18.Rae1 Kh7 19.h3 Bd7 20.g4 b5 21.c5 Rb8 22.Nc3 Be5
23.Ne6 Bxe6 24.dxe6 Rg8 25.Rf7+ Bg7 26.Ne4 Kh8 27.Nf6 Rf8 28.Qxh6+  1-0

[Event "35th World Open"]
[Site "King of Prussia USA"]
[Date "2007.06.30"]
[Round "1"]
[White "Arnold,M"]
[Black "Perelshteyn,E"]
[Result "1/2-1/2"]
[WhiteElo "2237"]
[BlackElo "2531"]

1.d4 Nf6 2.c4 g6 3.Nf3 Bg7 4.g3 O-O 5.Bg2 d6 6.O-O c6 7.Nc3 Qa5 8.e4 Bg4
9.h3 Bxf3 10.Bxf3 e5 11.dxe5 dxe5 12.a3 Nbd7 13.b4 Qc7 14.Be3 Rfe8 15.Qb3 Nf8
16.c5 Ne6 17.Rad1 h5 18.Be2 h4 19.Bc4 Nd4 20.Qb1 Nh5 21.Kg2 a5 22.Be2 axb4
23.axb4 Ra3 24.Bxh5 Rxc3 25.Qb2 Rc2 26.Qb1 Rc3 27.Qb2 Rb3 28.Qa2 gxh5 29.Bxd4 Rxb4
30.Bc3 Rb5 31.Qc4 Bf8 32.Qe2 Qe7 33.Qxh5 Qf6 34.f4 Qg6 35.Qxg6+ fxg6 36.Bxe5 hxg3
37.Rd7 Rxc5 38.Rxb7 Rc4 39.Kxg3 Rxe4 40.Kf3 Rb4 41.Rc7 Rb3+ 42.Kg4 c5 43.Ra1 Rb6
44.Raa7  1/2-1/2

[Event "Open"]
[Site "Pula CRO"]
[Date "2007.06.30"]
[Round "9"]
[White "Kuljasevic,D"]
[Black "Maslik,M"]
[Result "1-0"]
[WhiteElo "2447"]
[BlackElo "2273"]

1.d4 Nf6 2.Nf3 g6 3.c4 Bg7 4.g3 O-O 5.Bg2 d6 6.Nc3 Nc6 7.O-O a6 8.d5 Na5
9.Nd2 c5 10.Qc2 Rb8 11.b3 b5 12.Rb1 h5 13.h3 Bf5 14.e4 Bd7 15.Bb2 e5 16.Ne2 Nh7
17.f4 bxc4 18.bxc4 Rxb2 19.Rxb2 exf4 20.gxf4 g5 21.Rbb1 g4 22.Qd3 Qh4 23.Rb6 Nxc4
24.Nxc4 Bb5 25.Rc1 f5 26.exf5 Re8 27.Rxd6 Rxe2 28.Qxe2 Bd4+ 29.Kf1 Nf8 30.Rb6 Qg3
31.Rc2 Bd7 32.Re6 Nxe6 33.fxe6 Bb5 34.e7 Qxf4+ 35.Ke1 Kf7 36.Qe6+ Kg7 37.e8=Q Bf2+
38.Kd1 Qd4+ 39.Ke2 Bxc4+ 40.Rxc4 Qxc4+ 41.Kxf2  1-0

[Event "White Nights"]
[Site "St Petersburg RUS"]
[Date "2007.06.30"]
[Round "6"]
[White "Fedoseev,S"]
[Black "Karalkin,M"]
[Result "1-0"]
[WhiteElo "2260"]
[BlackElo "2388"]

1.c4 Nf6 2.Nf3 g6 3.d4 Bg7 4.g3 O-O 5.Bg2 d6 6.O-O Nbd7 7.Nc3 e5 8.e4 c6
9.h3 Re8 10.Re1 Qb6 11.c5 dxc5 12.dxe5 Nxe5 13.Nxe5 Rxe5 14.Na4 Qb4 15.Bd2 Qb5
16.Qc2 c4 17.b3 cxb3 18.axb3 Re8 19.Bf1 Qh5 20.Nb6 Bxh3 21.Ra5 Qg4 22.Rg5 Qe6
23.Bc4 Qe7 24.Nxa8 Rxa8 25.Ra5 Ng4 26.Bc3 Ne5 27.Be2 Re8 28.Rxa7 Qc5 29.Ra5 Qb6
30.b4 h5 31.Qb2 f6 32.Bxe5 fxe5 33.Ra3 Bf8 34.Bc4+ Kh7 35.Rf3 Bxb4 36.Rf7+ Kh8
37.Qc1 Bf8 38.Rxf8+  1-0

[Event "Copa Puma Mercosur"]
[Site "Villa Martelli ARG"]
[Date "2007.07.01"]
[Round "10"]
[White "Fernandez,Dan USA"]
[Black "Flores Rios,M"]
[Result "1/2-1/2"]
[WhiteElo "2447"]
[BlackElo "2391"]

1.Nf3 Nf6 2.c4 g6 3.g3 Bg7 4.d4 O-O 5.Bg2 d6 6.O-O Nc6 7.Nc3 a6 8.b3 Nd7
9.Bb2 Rb8 10.Rc1 h6 11.e3 e5 12.Nd5 Re8 13.b4 Ne7 14.dxe5 dxe5 15.Qc2 e4
16.Nd4 Nxd5 17.cxd5 Nf6 18.a3 Qxd5 19.Qxc7 Bd7 20.Qc4 Qh5 21.Qc5 Re5 22.Qc7 Rbe8
23.Ne2 Nd5 24.Nf4 Nxc7 25.Nxh5 Rxh5 26.Bxg7 Kxg7 27.Rxc7 Bc6 28.Rd1 a5 29.Bf1 axb4
30.axb4 Rhe5 31.Bc4 R8e7 32.Rxe7 Rxe7 33.Rd6 Re5 34.h4 h5 35.Kg2 Rf5 36.Kg1 Re5
37.Rd4 Rf5 38.Kf1 Re5 39.Ke1 Rf5 40.Ke2 Re5 41.Kd1 Rf5 42.Ke1 Re5 43.Kd2 Rf5
44.Ke1 Re5  1/2-1/2

[Event "Open A"]
[Site "Kowalewo Pomorskie POL "]
[Date "2007.07.04"]
[Round "2"]
[White "Siwon,B"]
[Black "Czartoryski,P"]
[Result "0-1"]
[WhiteElo "2021"]
[BlackElo "2066"]

1.d4 Nf6 2.c4 d6 3.Nf3 g6 4.g3 Bg7 5.Bg2 O-O 6.Nc3 Nc6 7.O-O e5 8.dxe5 dxe5
9.Qxd8 Rxd8 10.Bg5 Be6 11.Nd2 h6 12.Bxf6 Bxf6 13.Nd5 Bxd5 14.Bxd5 Ne7 15.Rad1 Nxd5
16.Ne4 Nb6 17.Nxf6+ Kg7 18.Ng4 Nxc4 19.Rxd8 Rxd8 20.Rc1 Rd4 21.f3 h5 22.Nf2 c6
23.b3 Nd6 24.Nd3 e4 25.fxe4 Nxe4 26.Kf1 Nd6 27.Ke1 h4 28.Kf2 f6 29.Kf3 Kf7
30.Rc2 g5 31.Nf2 Nf5 32.e3 hxg3 33.hxg3 g4+ 34.Ke2 Nxg3+ 35.Ke1 Rb4 36.Rb2 f5
37.a3 Rb5 38.Nd3 Ne4 39.a4 Rd5 40.Nf4 Rd6 41.Rh2 Kg7 42.Rh5 Rh6 43.Rxh6 Kxh6
44.Ne6 Kg6 45.Nd8 Nd6 46.Ne6 Kf6 47.Nf4 Ke5 48.Ke2 Ne4 49.Nd3+ Kd6 50.Nc1 a5
51.Kd3 Kd5 52.Ne2 Nc5+ 53.Kc3 Ke4 54.Ng3+ Kxe3 55.Nxf5+ Kf4 56.Nh4 g3 57.Kc4 b6  0-1

[Event "DS"]
[Site "Brno CZE"]
[Date "2007.07.06"]
[Round "9"]
[White "Pertlova,S"]
[Black "Kozak,Mi"]
[Result "1/2-1/2"]
[WhiteElo "2171"]
[BlackElo "2228"]

1.Nf3 Nf6 2.d4 g6 3.g3 Bg7 4.c4 O-O 5.Bg2 d6 6.O-O Nbd7 7.Nc3 e5 8.e4 exd4
9.Nxd4 Re8 10.h3 a6 11.Be3 Rb8 12.Re1 Ne5 13.b3 c5 14.Nde2 b5  1/2-1/2

[Event "Kaupthing Open"]
[Site "Differdange LUX"]
[Date "2007.07.07"]
[Round "1"]
[White "Funke,R"]
[Black "Bojkov,D"]
[Result "0-1"]
[WhiteElo "2236"]
[BlackElo "2520"]

1.d4 Nf6 2.c4 g6 3.Nf3 Bg7 4.g3 O-O 5.Bg2 d6 6.O-O c6 7.Nc3 Qa5 8.h3 e5 9.e4 Nbd7
10.d5 cxd5 11.cxd5 b5 12.Nd2 b4 13.Qa4 Qb6 14.Ne2 Nc5 15.Qd1 Ba6 16.Kh2 Rac8
17.Rg1 Nd3 18.f3 Nh5 19.b3 Nxc1 20.Rxc1 Rxc1 21.Nxc1 Bh6 22.Bf1 Nxg3 23.Bxa6 Bf4
24.Rxg3 Qf2+ 25.Kh1 Qxg3 26.Nf1 Qxh3+ 27.Kg1 f5 28.Nd3 fxe4 29.Nf2 Be3 30.Nxe3 Qg3+
31.Kf1 Rxf3 32.Qc2 h5 33.Nd1 e3 34.Nxe3 Rxe3 35.Qc8+ Kg7 36.Qd7+ Kh6 37.Be2 Rc3
38.Qd8 Rc1+ 39.Bd1 Qf3 40.Qh8+ Kg5 41.Ke1 Qe3+ 42.Kf1 Qf4 43.Ke2 Kh4 44.Qd8+ Kg3  0-1

[Event "Copa Puma Mercosur"]
[Site "Villa Martelli ARG"]
[Date "2007.07.08"]
[Round "2"]
[White "Lafuente,P"]
[Black "Lemos,D"]
[Result "1-0"]
[WhiteElo "2454"]
[BlackElo "2456"]

1.d4 Nf6 2.c4 g6 3.Nf3 Bg7 4.g3 O-O 5.Bg2 d6 6.O-O Nc6 7.Nc3 a6 8.Re1 Rb8
9.Rb1 b5 10.cxb5 axb5 11.b4 Bd7 12.d5 Na7 13.Bg5 h6 14.Bxf6 Bxf6 15.Nd4 Qc8
16.Rc1 Bg7 17.Qd3 Qa6 18.e3 Qb6 19.Nce2 Rbc8 20.Nf4 Rfe8 21.Be4 g5 22.Nh5 c5
23.dxc6 Bxc6 24.Nxg7 Bxe4 25.Qxe4 Kxg7 26.Nf5+ Kf6 27.Nxh6 e6 28.Qh7 Qb7
29.Ng4+ Ke7 30.Qg7 Rg8 31.Qf6+ Kf8 32.Red1 Rg6 33.Rxc8+ Qxc8 34.Qd4 e5 35.Nxe5 dxe5
36.Qxa7 Ra6 37.Qd7 Qxd7 38.Rxd7 Ra4 39.a3 Rxa3 40.Rd5 Rb3 41.Rxb5 g4 42.Rxe5 Rxb4
43.Kg2 Kg7  1-0

[Event "Open A"]
[Site "Kowalewo Pomorskie POL "]
[Date "2007.07.10"]
[Round "9"]
[White "Malaniuk,V"]
[Black "Budrewicz,K"]
[Result "1-0"]
[WhiteElo "2522"]
[BlackElo "2224"]

1.d4 Nf6 2.Nf3 g6 3.c4 Bg7 4.g3 O-O 5.Bg2 d6 6.O-O Nc6 7.Nc3 e5 8.d5 Ne7
9.e4 h6 10.Ne1 c5 11.Nd3 Nd7 12.f4 exf4 13.gxf4 a6 14.a4 Kh7 15.Re1 Re8 16.Kh1 Ng8
17.Bd2 Qh4 18.Re3 f5 19.exf5 Rxe3 20.fxg6+ Kxg6 21.Bxe3 Kh7 22.Bf2 Qe7 23.Qc2 Kh8
24.Re1 Qf8 25.Bh3 Ndf6 26.Be6 Ne7 27.f5 Ng4 28.Nf4 Bxe6 29.Nxe6 Qxf5 30.Qxf5 Nxf5
31.Bg1 Be5 32.Ne4 b6 33.Rf1 Nfe3 34.Rf3 Nxc4 35.b3 Nce3 36.Bxe3 Nxh2 37.Rf7 Ng4
38.Bf4 b5 39.Bxe5+ Nxe5 40.Rb7  1-0

[Event "Copa Puma Mercosur"]
[Site "Villa Martelli ARG"]
[Date "2007.07.12"]
[Round "6"]
[White "Lafuente,P"]
[Black "Flores Rios,M"]
[Result "1/2-1/2"]
[WhiteElo "2454"]
[BlackElo "2391"]

1.d4 Nf6 2.c4 g6 3.Nf3 Bg7 4.g3 O-O 5.Bg2 d6 6.O-O Nc6 7.Nc3 a6 8.Re1 Rb8
9.Rb1 Re8 10.h3 Bd7 11.e4 e5 12.d5 Nd4 13.Be3 Nxf3+ 14.Qxf3 Kh8 15.Bg5 h6
16.Be3 Rf8 17.Qe2  1/2-1/2

[Event "Canadian Open"]
[Site "Ottawa CAN"]
[Date "2007.07.13"]
[Round "8"]
[White "Kaminski,T"]
[Black "Mai,L"]
[Result "0-1"]
[WhiteElo "1932"]
[BlackElo "2211"]

1.d4 Nf6 2.Nf3 g6 3.c4 Bg7 4.g3 O-O 5.Bg2 d6 6.O-O Nbd7 7.Nc3 e5 8.e4 exd4
9.Nxd4 a6 10.Re1 Rb8 11.a4 Re8 12.h3 a5 13.Be3 Nc5 14.Qc2 Nfd7 15.f4 f5 16.exf5 Rxe3
17.Rxe3 Bxd4 18.Re1 Nf8 19.fxg6 hxg6 20.Kh2 Bxe3 21.Rxe3 Be6 22.Bd5 Qf6 23.Bxe6+ Nfxe6
24.Nd5 Qf7 25.Qc3 Rf8 26.Qxa5 c6 27.Nc3 Nd4 28.b4 Nf5 29.Rf3 Nb3 30.Qb6 Qxc4
31.Na2 Nbd4 32.Rf2 Qb3 33.Rg2 Nf3+ 34.Kh1 Qb1+ 35.Rg1 Nxg1 36.Qxg1 Nxg3+  0-1

[Event "ch-SVK"]
[Site "Banska Stiavnica SVK"]
[Date "2007.07.14"]
[Round "8"]
[White "Vavrak,P"]
[Black "Markos,J"]
[Result "1/2-1/2"]
[WhiteElo "2428"]
[BlackElo "2559"]

1.d4 Nf6 2.c4 g6 3.Nf3 Bg7 4.g3 O-O 5.Bg2 d6 6.O-O Nc6 7.d5 Na5 8.Qa4 c5
9.Bd2 b6 10.Bc3 e5 11.dxe6 fxe6 12.Ng5 Rb8 13.Nd2 Ng4 14.Bxg7 Kxg7 15.h4 h6
16.Ngf3 Qe7 17.Rad1 Bb7 18.Qc2 Nf6 19.h5 Ng4  1/2-1/2

[Event "Synthesia Rapid Open"]
[Site "Pardubice CZE"]
[Date "2007.07.19"]
[Round "7"]
[White "Baryshpolets,A"]
[Black "Kryakvin,D"]
[Result "0-1"]
[WhiteElo "2307"]
[BlackElo "2554"]

1.d4 Nf6 2.c4 g6 3.Nf3 Bg7 4.g3 O-O 5.Bg2 d6 6.O-O Nc6 7.Nc3 Rb8 8.d5 Na5
9.Nd2 c5 10.Qc2 e6 11.b3 exd5 12.cxd5 b5 13.Bb2 Re8 14.Nde4 Bf5 15.Nxf6+ Bxf6
16.e4 Bd7 17.Nd1 b4 18.Ne3 Qe7 19.Rfe1 Bxb2 20.Qxb2 Qe5 21.Qxe5 Rxe5 22.Rac1 f6
23.Nd1 Rbe8 24.Nb2 R5e7 25.f4 Bf5 26.Nc4 Nxc4 27.Rxc4 Bd7 28.Kf2 Bb5 29.Rcc1 Bd3
30.Re3 Bxe4 31.Rce1 f5 32.Bxe4 fxe4 33.R3e2 Kf7 34.Ke3 Kf6 35.Rc2 a5 36.Rc4 Ra8
37.a3 bxa3 38.Ra1 Rb7 39.Rxa3 Kf5 40.h3 h5 41.Rxe4 Rab8 42.Re6 Rxb3+ 43.Rxb3 Rxb3+
44.Kf2 h4 45.Rxd6 Rxg3 46.Rc6 Rxh3 47.Rxc5 Kxf4 48.Rxa5 Rd3 49.Ra4+ Kg5 50.Ra5 h3
51.d6+ Kg4 52.Ra4+ Kh5 53.Ra6 g5 54.Ke2 Rd5 55.Kf3 g4+ 56.Kg3 Rd3+ 57.Kf4 Rf3+
58.Ke5 g3 59.d7 Rf8 60.Re6 g2 61.Re8 g1=Q 62.Rxf8 Qc5+  0-1

[Event "11th Festival Open A"]
[Site "Senta SRB"]
[Date "2007.07.22"]
[Round "2"]
[White "Cvetkovic,N"]
[Black "Arsovic,G"]
[Result "0-1"]
[WhiteElo "2276"]
[BlackElo "2470"]

1.d4 Nf6 2.c4 g6 3.Nf3 Bg7 4.g3 O-O 5.Bg2 d6 6.O-O Nc6 7.d5 Na5 8.Nfd2 c6
9.Nc3 cxd5 10.cxd5 Bd7 11.Nb3 Rc8 12.Nxa5 Qxa5 13.Qb3 b5 14.a3 Ng4 15.Bd2 Ne5
16.Ne4 Qa4 17.Qxa4 bxa4 18.Bc3 Nc4 19.Bxg7 Kxg7 20.Rfc1 f5 21.Ng5 Nxb2 22.Rxc8 Rxc8
23.Rb1 Rc2 24.Nf3 f4 25.Nd4 Rd2 26.Nc6 Nc4 27.h4 fxg3 28.fxg3 Rb2 29.Rxb2 Nxb2
30.Nxa7 Nc4 31.Be4 Nxa3 32.Bd3 e6 33.dxe6 Bxe6 34.Kf2 Kf6 35.Nc6 Nc4 36.Nd4 a3
37.Nc2 a2 38.Na1 Na5 39.Bc2 Ke5 40.h5 gxh5 41.Bxh7 Nb3 42.Nc2 Bf5  0-1

[Event "Siberia B"]
[Site "Novosibirsk RUS"]
[Date "2007.07.23"]
[Round "5"]
[White "Dolgusheva,I"]
[Black "Pakhomova,E"]
[Result "1-0"]
[WhiteElo "2050"]
[BlackElo "2094"]

1.d4 Nf6 2.c4 g6 3.Nf3 Bg7 4.g3 O-O 5.Bg2 d6 6.O-O c5 7.d5 e6 8.Nc3 exd5
9.cxd5 Re8 10.Nd2 b6 11.Re1 Ba6 12.a4 Nbd7 13.h3 Rc8 14.Nb5 Bxb5 15.axb5 Qc7
16.Nc4 Ne5 17.Nxe5 Rxe5 18.f4 Ree8 19.e4 c4 20.Kh2 Nd7 21.Qc2 h5 22.Be3 Qb8
23.Ra4 c3 24.b4 Rc7 25.Bf2 Nf8 26.Rea1 Bh6 27.Rd1 h4 28.e5 Rc4 29.Bf1 hxg3+
30.Bxg3 Rxf4 31.Qxc3 Rc8 32.Qb3 Re4 33.e6 Qc7 34.Ra2 f5 35.Qd3 Rxb4 36.Qa3 Re4
37.Qxd6 Qc3 38.Qa3 Qxa3 39.Rxa3 Rc2+ 40.Kh1 f4 41.Bd3 Re3 42.Bxc2 Rxa3 43.Be1 Rxh3+
44.Kg2 Re3 45.Bf2 Re2 46.Bd3 Re5 47.Bc4 Bg5 48.Bd4 f3+ 49.Kf1 Re4 50.Bb3 Re2
51.Re1 Rh2 52.d6 Rh1+ 53.Bg1 Bh4 54.e7+ Kg7 55.Re4 f2 56.Rg4 Rh3 57.e8=Q Rxb3
58.Bxf2  1-0

[Event "MTO"]
[Site "Biel SUI"]
[Date "2007.07.24"]
[Round "2"]
[White "Zoler,D"]
[Black "Socko,B"]
[Result "0-1"]
[WhiteElo "2465"]
[BlackElo "2660"]

1.d4 Nf6 2.c4 g6 3.Nf3 Bg7 4.g3 d6 5.Bg2 O-O 6.O-O a6 7.Nc3 Nc6 8.b3 Rb8
9.e3 b5 10.Qe2 bxc4 11.Qxc4 Nb4 12.Qe2 a5 13.Rd1 Ba6 14.Qd2 c5 15.Ba3 Qc7
16.Rac1 Rfc8 17.dxc5 Qxc5 18.Nd4 Qh5 19.Bxb4 axb4 20.Na4 Ng4 21.h3 Ne5 22.Rxc8+ Rxc8
23.Rc1 Rxc1+ 24.Qxc1 Bf6 25.Qd2 Nd3 26.Bf1 Bxd4 27.exd4 Qf3 28.Bg2 Qf6 29.Qe3 e5
30.dxe5 dxe5 31.Nb6 Qd6 32.Nd5 Bb5 33.h4 f5 34.Qa7 e4 35.Nc7 Bd7 36.Na6 Bc8
37.Nc7 Qc6 38.Qb8 Qb7 39.Qxb7 Bxb7 40.Nb5 Nc1 41.g4 fxg4 42.Nd6 e3 43.fxe3 Bxg2
44.Kxg2 Nxa2 45.Ne4 Kg7 46.Kg3 h5 47.Nc5 Nc1 48.e4 Ne2+ 49.Kf2 Nd4 50.Ke3 g3
51.e5 g5 52.hxg5 h4 53.Ne4 Nxb3 54.e6 Nd4 55.Nd6 Nxe6 56.Nf5+ Kg6 57.Nxh4+ Kxg5
58.Ng2 Kg4 59.Ke4 b3 60.Ne3+ Kh3  0-1

[Event "11th Festival Open A"]
[Site "Senta SRB"]
[Date "2007.07.26"]
[Round "8"]
[White "Cvetkovic,N"]
[Black "Kolar,Sr"]
[Result "1-0"]
[WhiteElo "2276"]
[BlackElo "2151"]

1.d4 Nf6 2.c4 g6 3.Nf3 Bg7 4.g3 O-O 5.Bg2 d6 6.O-O Nbd7 7.Nc3 c6 8.e4 e5
9.h3 exd4 10.Nxd4 Qb6 11.Nb3 Qc7 12.Be3 Re8 13.f4 b6 14.Qd3 Ba6 15.g4 Nc5
16.Nxc5 bxc5 17.b3 Rad8 18.Rad1 d5 19.Bxc5 Nxe4 20.Nxe4 dxe4 21.Qe3 Rc8 22.f5 f6
23.g5 gxf5 24.gxf6 Bxf6 25.Rxf5 Rcd8 26.Rdf1 Bg7 27.Bxe4 Bc8 28.Rh5 h6 29.Rf2 Re6
30.Qf3 Rf6 31.Qe2 Re6 32.Qg4 Rf6 33.Bf5 Rd3 34.Kg2 Rxf5 35.Rhxf5 Bxf5 36.Rxf5 Qa5
37.Rf8+  1-0

[Event "MTO"]
[Site "Biel SUI"]
[Date "2007.07.27"]
[Round "5"]
[White "Makarov,M"]
[Black "Tyukhanov,A"]
[Result "1-0"]
[WhiteElo "2518"]
[BlackElo "2083"]

1.d4 Nf6 2.c4 g6 3.Nf3 Bg7 4.g3 O-O 5.Bg2 d6 6.O-O Nbd7 7.Nc3 c6 8.e4 e5
9.h3 exd4 10.Nxd4 Re8 11.Be3 Nc5 12.Qc2 a5 13.b3 Qc7 14.Rad1 Bd7 15.Rfe1 Rad8
16.a3 h6 17.b4 axb4 18.axb4 Ne6 19.f4 Nh5 20.Qf2 Nxd4 21.Bxd4 Bxd4 22.Rxd4 Be6
23.Red1 f5 24.Kh2 Rd7 25.c5 Red8 26.exf5 gxf5 27.Qe2 Ng7 28.cxd6 Rxd6 29.Qe5 Ne8
30.Rxd6 Rxd6 31.b5 Qd7 32.bxc6 bxc6 33.Re1 Ng7 34.Re2 Bd5 35.Rd2 Kh7 36.Nxd5 cxd5
37.Bxd5 Kh8 38.g4 fxg4 39.hxg4 Re6 40.Qb8+ Re8 41.Qb6 Re6 42.Qd4 Rd6 43.f5 Qd8
44.Rd3 Qg5 45.Rh3 Qd8 46.Be6 Kh7 47.g5 h5 48.g6+ Kh6 49.Qf4+ Qg5 50.Qxd6 h4
51.Qd4 Nxf5 52.Bxf5  1-0

[Event "11th Festival Open A"]
[Site "Senta SRB"]
[Date "2007.07.27"]
[Round "9"]
[White "Pantelic,Sa"]
[Black "Ikras,D"]
[Result "1-0"]
[WhiteElo "2229"]
[BlackElo "2126"]

1.d4 g6 2.Nf3 Bg7 3.g3 Nf6 4.Bg2 O-O 5.c4 d6 6.Nc3 Nbd7 7.h3 e5 8.e4 exd4
9.Nxd4 Re8 10.Be3 Nc5 11.Qc2 a5 12.O-O Nfd7 13.Rad1 Ne5 14.b3 c6 15.Nde2 Qc7
16.f4 Ned7 17.Qd2 Bf8 18.f5 Ne5 19.Bh6 Bxh6 20.Qxh6 Qe7 21.f6 Qf8 22.Qxf8+ Kxf8
23.Rxd6 a4 24.Nc1 axb3 25.axb3 Ra3 26.Rfd1 Nxb3 27.Nb1 Ra8 28.Nxb3 Nxc4 29.Rd8 Ne3
30.Rxe8+ Kxe8 31.Rd3 Nxg2 32.Kxg2 b6 33.N1d2 c5 34.Nc4 Be6 35.Nbd2 Ra2 36.Kf3 Bxh3
37.Nxb6 h5 38.Ndc4 Bg4+ 39.Ke3 Ra1 40.Rd5 Re1+ 41.Kf4 Be6 42.Rxc5 Re2 43.Rc7  1-0

[Event "Open NK"]
[Site "Dieren NED"]
[Date "2007.07.28"]
[Round "5"]
[White "L'Ami,E"]
[Black "Pruijssers,R"]
[Result "1-0"]
[WhiteElo "2598"]
[BlackElo "2427"]

1.d4 Nf6 2.c4 g6 3.Nf3 Bg7 4.g3 O-O 5.Bg2 d6 6.O-O Nbd7 7.Nc3 e5 8.e4 exd4
9.Nxd4 Re8 10.h3 a6 11.Be3 Rb8 12.a4 a5 13.Qc2 c6 14.Rad1 Qc7 15.Rfe1 b6
16.f4 Bb7 17.g4 Nc5 18.Bf2 Nfd7 19.g5 Na6 20.f5 Ne5 21.f6 Bf8 22.Qe2 Nb4
23.Nf3 Ba6 24.b3 d5 25.exd5 Ned3 26.Qxe8 Rxe8 27.Rxe8 Qd7 28.Re2 Nxf2 29.Kxf2 Qf5
30.d6 Nd3+ 31.Rxd3 Qxd3 32.Rd2 Qxc3 33.d7 Bc5+ 34.Kg3 Qxd2 35.Nxd2 Bd6+ 36.Kf2 Bc7
37.Bxc6  1-0

[Event "Najdorf Mem GpA"]
[Site "Grodzisk Mazowiecki POL"]
[Date "2007.07.28"]
[Round "9"]
[White "Grabarczyk,M"]
[Black "Piorun,K"]
[Result "1/2-1/2"]
[WhiteElo "2482"]
[BlackElo "2359"]

1.d4 Nf6 2.c4 g6 3.Nf3 Bg7 4.g3 O-O 5.Bg2 d6 6.O-O c6 7.Nc3 Qa5 8.e4 e5 9.h3 exd4
10.Nxd4 Nbd7 11.Re1 Re8 12.Be3 Ne5 13.Bf1 c5 14.Nf3 Nxf3+ 15.Qxf3 Be6 16.Bf4 Nd7
17.Bxd6 Ne5 18.Bxe5 Bxe5 19.Rac1 Red8 20.Rc2 a6 21.Rec1 Kg7 22.Nd5 Rd6 23.Qa3 Qxa3
24.bxa3 Bxd5 25.exd5 b6 26.Kg2 Rb8 27.a4 a5 28.Re2 Bf6 29.f4 Rd7 30.Rce1 Kf8
31.Re3 Re7 32.Kf3 Rxe3+ 33.Rxe3 Rd8 34.Rb3 Rd6 35.g4 h6 36.Kg3 g5 37.Bd3 Bd8
38.Kf3 Bc7 39.fxg5 hxg5 40.Bf5 Rd8 41.Kf2 Kg7 42.Re3 Kf6 43.Kg2 Bd6 44.Kf1 Kg7
45.Kf2 Kf6 46.Kg2 Kg7 47.Bc2 Rb8 48.Re4 Kf6 49.Re2 Kg7 50.Re1 Rd8 51.Rb1 Bc7
52.Be4 Re8 53.Kf3 Rd8 54.Rh1 Rh8 55.Bf5 Kf6 56.Bd7 Kg7 57.Bc6 Rh6 58.Kg2 Rh8
59.Rb1 Rd8 60.Rf1 Kg6 61.Re1 Bd6 62.Be8 Kg7 63.Re2 Kf8 64.Bc6 Kg7 65.Rb2 Bc7
66.h4 gxh4 67.Kh3 Kg6 68.Re2 Bg3 69.Re7 Rd6 70.Be8 Rf6 71.Re6 Kg5 72.Rxf6  1/2-1/2

[Event "Arximiro Penide Cedeira Mem"]
[Site "Arteixo ESP"]
[Date "2007.07.29"]
[Round "5"]
[White "Manolache,M"]
[Black "Milchev,N"]
[Result "1/2-1/2"]
[WhiteElo "2528"]
[BlackElo "2315"]

1.d4 Nf6 2.Nf3 g6 3.c4 Bg7 4.g3 O-O 5.Bg2 d6 6.O-O Nc6 7.Nc3 a6 8.h3 Rb8
9.Bg5 h6 10.Be3 e5 11.Rc1 Re8 12.Qd2 g5 13.Rfd1 Bf5 14.dxe5 dxe5 15.Nd5 Ne4
16.Qe1 Qc8 17.h4 g4 18.Nh2 Nd4 19.f3 gxf3 20.exf3 Nc5 21.Qf1 c6 22.Nc3 Nce6
23.Ne4 Qd8 24.Ng4 Kh7 25.c5 Bg6 26.Nd6 Rf8 27.h5 Bxh5 28.Nf5 Nxf5 29.Rxd8 Rbxd8
30.Bf2 Rfe8 31.Re1 Ng5 32.f4 exf4 33.Rxe8 Rxe8 34.gxf4 Bxg4 35.fxg5 hxg5
36.Bh3 Bxh3 37.Qxh3+ Kg6 38.Kf1 Re7 39.Qb3 Be5 40.Qc2 Bf4 41.Qc4 Ne3+ 42.Bxe3 Rxe3
43.Kf2 Re5 44.Kg2 Re7 45.b4 Be5 46.a4 f5 47.Qg8+ Bg7 48.Qd8 Rf7 49.Qd6+ Bf6
50.a5 g4 51.b5 axb5 52.a6 bxa6 53.Qxc6 Kg5 54.Qd6 b4 55.Qd2+ Kg6 56.Qxb4 Be5
57.Qb6+ Kg7 58.Qxa6 Bc7 59.Qe6 Bf4 60.Kf2 Bc7  1/2-1/2

[Event "Jihlavanka Cup GMB"]
[Site "Olomouc CZE"]
[Date "2007.08.01"]
[Round "1"]
[White "Tikkanen,H"]
[Black "Luch,M"]
[Result "0-1"]
[WhiteElo "2394"]
[BlackElo "2362"]

1.d4 g6 2.c4 Bg7 3.Nf3 Nf6 4.g3 O-O 5.Bg2 d6 6.O-O Nbd7 7.Nc3 e5 8.e4 exd4
9.Nxd4 Re8 10.h3 Nc5 11.Re1 a5 12.b3 c6 13.Rb1 Nfd7 14.Be3 Qc7 15.Qd2 Nf6
16.Bf4 Nh5 17.Bg5 Qb6 18.Be3 Nf6 19.Rbd1 a4 20.Rb1 axb3 21.Nxb3 Nxb3 22.axb3 Qb4
23.Red1 Be6 24.Na4 Qxd2 25.Rxd2 Red8 26.Nb6 Ra6 27.c5 Ne8 28.Bf1 Ra1 29.Rxa1 Bxa1
30.cxd6 Rxd6 31.Ra2 Bd4 32.Ra8 Kf8 33.Bf4 Ke7 34.Bxd6+ Nxd6 35.Nc4 Nxe4 36.Ne3 Nxg3
37.Bc4 Bd7 38.Nc2 Bb6 39.Rb8 Ne4 40.Rxb7 Bxf2+ 41.Kg2 Bc5 42.b4 Nd6 43.Rb8 Bxb4
44.Bxf7 Bc5 45.Bg8 Bf5 46.Nb4 Be4+ 47.Kf1 h5 48.Bb3 Nf5 49.Ba4 Kd6 50.Na6 Bd3+
51.Kg2 Bxa6 52.Kf3 Bc4 53.Rd8+ Ke7 54.Rd1 Bd5+ 55.Ke2 g5 56.Rc1 Kd6 57.Bc2 Nd4+  0-1

[Event "US Open"]
[Site "Cherry Hill USA"]
[Date "2007.08.02"]
[Round "6"]
[White "Bartell,T"]
[Black "Melekhina,A"]
[Result "0-1"]
[WhiteElo "2398"]
[BlackElo "2099"]

1.d4 Nf6 2.c4 g6 3.Nf3 Bg7 4.g3 O-O 5.Bg2 d6 6.O-O Nbd7 7.Nc3 e5 8.e4 a6
9.Re1 Re8 10.h3 exd4 11.Nxd4 Rb8 12.Rb1 Ne5 13.b3 c5 14.Nc2 Nc6 15.f4 Qc7
16.Nd5 Nxd5 17.cxd5 Nd4 18.Bb2 Nxc2 19.Qxc2 b5 20.Bxg7 Kxg7 21.Qb2+ f6 22.Re2 Bd7
23.Rbe1 c4 24.b4 a5 25.Re3 axb4 26.Qxb4 Ra8 27.e5 fxe5 28.fxe5 dxe5 29.d6 Qa5
30.Qxa5 Rxa5 31.Rxe5 Rxe5 32.Rxe5 Kf6 33.Re7 Be6 34.Rxh7 Rxa2 35.Be4 Rd2
36.Rb7 c3 37.Rxb5 Bf5 38.Rc5 Bxe4 39.Rxc3 Rxd6 40.Kf2 Rd3 41.Rxd3 Bxd3  0-1

[Event "Scandinavian Chess Tournament"]
[Site "Taby SWE"]
[Date "2007.08.04"]
[Round "1"]
[White "Bator,R"]
[Black "Nilsson,C"]
[Result "1-0"]
[WhiteElo "2367"]
[BlackElo "2137"]

1.d4 Nf6 2.Nf3 g6 3.g3 Bg7 4.c4 O-O 5.Bg2 d6 6.O-O Nbd7 7.Nc3 e5 8.e4 a6
9.Re1 Rb8 10.Rb1 b5 11.cxb5 axb5 12.b4 Re8 13.d5 Nf8 14.Nd2 Ng4 15.Nb3 f5
16.Na5 Qf6 17.Nc6 Rb7 18.f3 Nh6 19.Qd3 g5 20.Nxb5 Bd7 21.a4 Ng6 22.a5 Rf8
23.Rf1 g4 24.a6 Rxb5 25.Qxb5 gxf3 26.Rxf3 f4 27.a7 Bg4 28.Rf1 f3 29.Rb3 f2+
30.Kh1 Bh5 31.Bxh6 Bxh6 32.Nb8 Bf4 33.Nd7  1-0